| 000 | 00390nam a2200157 a 4500 | ||
|---|---|---|---|
| 005 | 20220904183112.0 | ||
| 008 | 991125s1958 mx 000 0 spa u | ||
| 035 | _aUPN01000020399 | ||
| 049 | _aCG | ||
| 050 | 4 |
_aPQ7281 _bE6.4 |
|
| 245 | 0 | 0 |
_aEpístolas literarias : _b[Vol.I]. |
| 260 |
_aMéxico : _bINBA, _c1958. |
||
| 300 | _a320 p. | ||
| 650 | 0 |
_aCartas mexicanas _97692 |
|
| 905 | _aLibro | ||
| 999 |
_c20399 _d20399 |
||